Statistics for 10 countries with most KFC outlets

Click here to take the quiz!

General Stats

  • This quiz has been taken 1,440 times
  • The average score is 7 of 10

Answer Stats

OutletsAnswer% Correct
4563China
95%
4491USA
95%
1181Japan
86%
784UK
86%
663Canada
81%
618Australia
71%
465Indonesia
47%
531Thailand
44%
736South Africa
41%
579Malaysia
37%

Score Distribution

Percentile by Number Answered

Percent of People with Each Score

Your Score History

You have not taken this quiz